Szczegóły MARC21

Obieg i ochrona dokumentów w zarządzaniu jakością, środowiskiem i bezpieczeństwem informacji /

003 -Nazwa inst., której nr kontr. jest w polu 001 [,]
    • @
    • Nazwa instytucji, której n kontrolny jest w polu 001
    • NUKAT
005 -DATA I CZAS OSTATNIEJ MODYFIKACJI [,]
    • @
    • pole kontrolne
    • 20241231113753.0
020 -Międzynarod. znormalizowany nr książki - ISBN [ , ]
    • a
    • Numer ISBN
    • 9788372518644 Find
040 -Instytucja sporządzająca opis [ , ]
    • a
    • Instytucja, która sporządziła opis (NP)
    • WA 72/08MR
    • c
    • Instytucja, która sporządziła rekord (NP)
    • WA 72/08MR
    • d
    • Instytucja, która zmodyfikowała rekord (P)
    • WA 72/08AG
    • d
    • Instytucja, która zmodyfikowała rekord (P)
    • SZCZ 004/MGs
    • d
    • Instytucja, która zmodyfikowała rekord (P)
    • KR 93/MKs
942 -Rodzaj dokumentu [ , ]
    • c
    • Rodzaj dokumentu
    • Książka
100 -Hasło główne - nazwa osobowa [1, ]
    • a
    • Nazwa osobowa (NP)
    • Bral, Wiesław.
    • 9
    • KHW
    • 346273
245 -Strefa tytułu i oznaczenia odpowiedzialności [1,0]
    • a
    • Tytuł
    • Obieg i ochrona dokumentów w zarządzaniu jakością, środowiskiem i bezpieczeństwem informacji / Find
    • c
    • Pozostałe elementy strefy tytułu i oznaczenia odpowiedzialności (NP)
    • Wiesław Bral.
260 -Strefa adresu wydawniczego [ , ]
    • a
    • Miejsce wydania (P)
    • Warszawa :
    • b
    • Nazwa wydawcy (P)
    • Centrum Doradztwa i Informacji Difin ,
    • c
    • Data wydania (P)
    • 2008.
300 -Strefa opisu fizycznego [ , ]
    • a
    • Określenie formy książki i/lub objętość (NP)
    • 239 s. :
    • b
    • Oznaczenie ilustracji (NP)
    • il. ;
    • c
    • Format (NP)
    • 23 cm.
336 -Typ zawartości [ , ]
    • a
    • Termin opisujący typ zawartości
    • Tekst
    • b
    • Kod określający zawartość
    • txt
    • 2
    • Źródło (terminu i kodu)
    • rdacontent
337 -Typ mediów [ , ]
    • a
    • Tryb odtwarzania
    • Bez urządzenia pośredniczącego
    • b
    • Kod typu mediów
    • n
    • 2
    • Źródło (terminu i kodu)
    • rdamedia
338 -Typ/rodzaj nośnika [ , ]
    • a
    • Hasło opisujące typ nośnika
    • Wolumin
    • b
    • Kod typu nośnika
    • nc
    • 2
    • Źródło (terminu i kodu)
    • rdacarrier
080 -Uniwersalna Klasyfikacja Dziesiętna [ , ]
    • 2
    • Identyfikator wydania tablic
    • UDC-P058
    • a
    • Symbol klasyfikacji
    • 005.6
    • b
    • Dopowiedzenie
    • Zarządzanie jakością. TQM.
080 -Uniwersalna Klasyfikacja Dziesiętna [ , ]
    • 2
    • Identyfikator wydania tablic
    • UDC-P058
    • a
    • Symbol klasyfikacji
    • 005.922.1
    • b
    • Dopowiedzenie
    • Zachowanie tajemnicy. Ochrona tajemnicy. Zabezpieczenie danych. Bezpieczeństwo danych.
080 -Uniwersalna Klasyfikacja Dziesiętna [ , ]
    • 2
    • Identyfikator wydania tablic
    • UDC-P058
    • a
    • Symbol klasyfikacji
    • 002.1-028.27
    • b
    • Dopowiedzenie
    • Dokumenty elektroniczne.
080 -Uniwersalna Klasyfikacja Dziesiętna [ , ]
    • 2
    • Identyfikator wydania tablic
    • UDC-P058
    • a
    • Symbol klasyfikacji
    • 004.056
    • b
    • Dopowiedzenie
    • Bezpieczeństwo.
080 -Uniwersalna Klasyfikacja Dziesiętna [ , ]
    • 2
    • Identyfikator wydania tablic
    • UDC-P058
    • a
    • Symbol klasyfikacji
    • 502.13/.14
    • b
    • Dopowiedzenie
    • Społeczne, administracyjne i prawne aspekty ochrony środowiska (ekologia społeczna). Ekorozwój. Rozwój zrównoważony.
650 -Hasło przedmiotowe [ ,7]
    • a
    • Hasło przedmiotowe
    • Zarządzanie jakością
    • x
    • Określnik rzeczowy
    • dokumentacja.
    • 2
    • Źródło terminu
    • kaba
    • 9
    • KHW
    • 351349
650 -Hasło przedmiotowe [ ,7]
    • a
    • Hasło przedmiotowe
    • Środowisko
    • x
    • Określnik rzeczowy
    • dokumentacja.
    • 2
    • Źródło terminu
    • kaba
    • 9
    • KHW
    • 351350
650 -Hasło przedmiotowe [ ,7]
    • a
    • Hasło przedmiotowe
    • Zarządzanie informacją
    • x
    • Określnik rzeczowy
    • dokumentacja.
    • 2
    • Źródło terminu
    • kaba
    • 9
    • KHW
    • 351351
650 -Hasło przedmiotowe [ ,7]
    • a
    • Hasło przedmiotowe
    • Elektroniczne zarządzanie dokumentami.
    • 2
    • Źródło terminu
    • kaba
    • 9
    • KHW
    • 107567
980 -Symbol UKD [ , ]
    • a
    • UKD
    • 005.6:005.922.1:002.1-028.27:004.056:502.13/.14
710 -Hasło dodatkowe - nazwa ciała zbiorowego [2, ]
    • a
    • Nazwa ciała zbiorowego lub nazwa geograficzna jako pierwszy element (NP)
    • Difin.
    • 4
    • Kod relacji
    • pbl
    • 9
    • KHW
    • 52248
920 -ISBN [ , ]
    • a
    • ISBN
    • 978-83-7251-864-4 Find
Status udost. Numer inwentarzowy Sygnatura Data inwentaryzacji Lokalizacja
-2E.71360 2008-05-28BE
-2S.95146 2016-10-24BE
-3GW.70390042016-03-14GW
-3GW.70750042016-03-16GW